| Tag |
First Indicator |
Second Indicator |
Subfields |
| LEADER |
00000cam a2200000 a 4500 |
| 001 |
in00000070396 |
| 005 |
20151008061729.0 |
| 008 |
800718s1979 enka b 00110 eng d |
| 020 |
|
|
|a 0852361025
|
| 035 |
|
|
|a (OCoLC)06526911
|
| 035 |
|
|
|9 AAJ8696AM
|
| 040 |
|
|
|a IEA
|c IEA
|d m.c.
|d TXA
|d UtOrBLW
|
| 049 |
|
|
|a TXAM
|c [387159]
|
| 090 |
|
|
|a SF203
|b .O845
|
| 100 |
1 |
|
|a Owen, John B.
|
| 245 |
1 |
0 |
|a Complete diets for cattle and sheep /
|c John B. Owen.
|
| 250 |
|
|
|a 1st ed.
|
| 264 |
|
1 |
|a Ipswich, [England] :
|b Farming Press,
|c 1979.
|
| 300 |
|
|
|a 159 pages :
|b illustrations ;
|c 23 cm.
|
| 336 |
|
|
|a text
|b txt
|2 rdacontent
|
| 337 |
|
|
|a unmediated
|b n
|2 rdamedia
|
| 338 |
|
|
|a volume
|b nc
|2 rdacarrier
|
| 500 |
|
|
|a "A Farming Press book."
|
| 500 |
|
|
|a Includes index.
|
| 504 |
|
|
|a Bibliography: pages 153-154.
|
| 650 |
|
0 |
|a Cattle
|x Feeding and feeds.
|
| 650 |
|
0 |
|a Sheep
|x Feeding and feeds.
|
| 999 |
|
|
|a MARS
|
| 999 |
f |
f |
|s 1947a76c-db2e-315f-b923-627ffced5727
|i 8924e3c0-4f4e-3c87-961c-1380e7d4a8f9
|t 0
|
| 952 |
f |
f |
|p ric
|a Texas A&M University
|b Rellis Campus
|c Joint Library Facility
|d Remote Storage
|t 0
|e SF203 .O845
|h Library of Congress classification
|i unmediated -- volume
|m A14806237987
|
| 998 |
f |
f |
|a SF203 .O845
|t 0
|l Remote Storage
|